Parker Smith,s 458 solutions of problems in Electrical engineering Part. II / (Record no. 213660)
[ view plain ]
| 000 -LEADER | |
|---|---|
| fixed length control field | 00779 a2200181 4500 |
| 003 - CONTROL NUMBER IDENTIFIER | |
| control field | Nust |
| 005 - DATE AND TIME OF LATEST TRANSACTION | |
| control field | 20221118083111.0 |
| 020 ## - INTERNATIONAL STANDARD BOOK NUMBER | |
| International Standard Book Number | 8123902638 |
| 040 ## - CATALOGING SOURCE | |
| Transcribing agency | Nust |
| 082 ## - DEWEY DECIMAL CLASSIFICATION NUMBER | |
| Classification number | 621.38,NAT |
| 100 ## - MAIN ENTRY--PERSONAL NAME | |
| Personal name | Natesan,N.C |
| 9 (RLIN) | 102994 |
| 245 ## - TITLE STATEMENT | |
| Title | Parker Smith,s 458 solutions of problems in Electrical engineering Part. II / |
| Statement of responsibility, etc. | Natesan,V.C. |
| 260 ## - PUBLICATION, DISTRIBUTION, ETC. | |
| Place of publication, distribution, etc. | New Delhi |
| Name of publisher, distributor, etc. | CBS publishers |
| Date of publication, distribution, etc. | 1996 |
| 300 ## - PHYSICAL DESCRIPTION | |
| Extent | 456p |
| 505 ## - FORMATTED CONTENTS NOTE | |
| Formatted contents note | Exciting coils (Page-1). DC Machines (Page-21), Transformers (Page-128), Synchronous machines (Page-180), Induction machines (Page-239), Converting machines (Page-299), Starters (Page-329), Heating and cooling of electrical plant (Page-348), Mercury arc rectifiers (Page-373), Parallel operation (Page-385). |
| 650 ## - SUBJECT ADDED ENTRY--TOPICAL TERM | |
| Topical term or geographic name entry element | Electrical engineering |
| 942 ## - ADDED ENTRY ELEMENTS (KOHA) | |
| Source of classification or shelving scheme | |
| Koha item type | Book |
| Withdrawn status | Lost status | Source of classification or shelving scheme | Damaged status | Not for loan | Collection code | Permanent Location | Current Location | Date acquired | Total Checkouts | Full call number | Barcode | Date last seen | Price effective from | Koha item type |
|---|---|---|---|---|---|---|---|---|---|---|---|---|---|---|
| Military College of Signals (MCS) | Military College of Signals (MCS) | 12/12/2016 | 621.38 NAT | MCS27304 | 12/08/2016 | 12/12/2016 | Book |
